000
00323nam a2200121Ia 4500
008
160609s9999 xx 000 0 und d
100
_a
Young, Darrell.
245
_a
Mastering The Nikon D810
245
_c
By:Darrell Young
260
_c
2015
650
_x
PHOTOGRAPHY
856
_u
http://file.ebook777.com/MasTheNikD81.zip
999
_c
295796
_d
295796